000 01252nam a2200289 a 4500
003 BLK
005 20250513114824.0
008 230316b bu |||||r|||| 00| | bu d
020 _a9786191999620
020 _a3800083835370
040 _aBLK
041 _aBUL
_cBUL
080 _aАнглийска литература
_b821.111
_x-93-1
_z821.111-93-1
080 _aИздания за деца и юноши. Книжки-картинки. Читанки. Вж и 372.4
_b087.5
_z087.5
_9231478
084 _aД 83
100 _aДохърти, Джон
_9492193
245 _aПразнината с форма на зайче
_cДжон Дохърти ; ил. Томас Дохърти ; прев. Мария Донева
260 _9209475
_aСофия
_bФют
_c2023
_n978-619-199- ; 978-954-625-
300 _a40 с.
_bс цв. ил.
_c28 см
380 _aDX
700 _aДонева, Мария
_qПетрова, Мария Донева
_d1974-
_gПоетеса, детска писателка.
_9365115
700 _aДохърти, Томас
_9492194
852 _aЦб ІІ 33195
_bЦб
942 _cKNG
_n0
_s1
_01
944 _cНора Радева
_k30551
_lБояна Костадинова
999 _c508945
_d508945